| 000 | 02467nam0a2200457 4500 | ||
|---|---|---|---|
| 001 | RU\NLR\bibl\240073 | ||
| 005 | 20260409064946.0 | ||
| 010 |
_a5-02-031702-0 _9608 |
||
| 021 |
_aRU _b2001-42052 _92002 |
||
| 035 | _a(NLR Aleph) 000235958 | ||
| 090 |
_a1374149 _c1374149 |
||
| 100 | _a20020305d2001 u y0rusy50 ca | ||
| 101 | 0 | _arus | |
| 102 | _aRU | ||
| 105 | _aa ||||||||| | ||
| 200 | 1 |
_aТермодинамические равновесия и экстремумы _dThermodynamic equilibria and extrema _eАнализ обл. достижимости и частич. равновесий в физ.-хим. и техн. системах _fА. Н. Горбань, Б. М. Каганович, С. П. Филиппов _gОтв. ред. В. И. Быков; [Рос. акад. наук, Сиб. отд-ние, Ин-т систем энергетики им. Л. А. Мелентьева, Ин-т вычислит. моделирования] |
|
| 210 |
_aНовосибирск _cНаука _cСиб. изд. фирма _d2001 |
||
| 215 |
_a290, [5] с. _cил. _d25 |
||
| 313 | _aв хим. технол., энергетике, экологии | ||
| 320 | _aБиблиогр.: с. 284-291 | ||
| 510 | 0 |
_aThermodynamic equilibria and extrema _zeng |
|
| 606 | 0 |
_aТермодинамическое равновесие _91338521 _3RU\NLR\auth\66242733 |
|
| 606 | 0 |
_aМатематическое моделирование _9907670 _3RU\NLR\auth\6611207 |
|
| 606 |
_aТехническая термодинамика _3RU\NLR\auth\662154 _9891455 |
||
| 610 | 0 | _aТермодинамика - Математические методы | |
| 610 | 0 | _aФункции (мат.) - Экстремум | |
| 675 |
_a536.7 _v3 _zrus |
||
| 686 |
_a29.17 _2rugasnti |
||
| 686 |
_a22.317 _2rubbk |
||
| 686 | _aЛ110.7 | ||
| 686 | _aЗ311 | ||
| 700 | 1 |
_4070 _7ca _8rus _aГорбань _bА. Н. _cд-р физ.-мат. наук, кинетика _f1952-2025 _gАлександр Николаевич _3RU\NLR\AUTH\770286934 _92687055 |
|
| 701 | 1 |
_aКаганович _bБ. М. _gБорис Моисеевич _4070 |
|
| 701 | 1 |
_4070 _8rus _7ca _aФилиппов _bС. П. _cд-р техн. наук _f1955- _gСергей Петрович _3RU\NLR\auth\7770994 _953922 |
|
| 801 | 0 |
_aRU _bRKP _c20020305 _gPSBO |
|
| 801 | 1 |
_aRU _bRKP _c20020305 |
|
| 801 | 2 |
_aRU _bNLR _c20081126 _grcr |
|
| 942 | _cBOOK | ||
| 980 | _aNB | ||